000 00711nam a22002417a 4500
003 UA-OsUOA
001 54158
007 ta
008 20170522b un ||||| |||| 00| 0 ukr d
090 _a242
_bЗ-13
942 _cBR
040 _aUA-OsUOA
_bukr
_cUA-OsUOA
_dUA-OsUOA
245 _aЗавіщання Блаженнішого Патріарха Йосифа
300 _a24 с.
955 _a4
041 _aukr
080 _a242
260 _aВінніпег
_c1984
246 3 1 _aTestament of Patriarch Josyf Slipyj
650 7 _a2 Релігія. Теологія.
_2UDC
999 _c434276
_d434276